|
|
|
|
| LEADER |
00000nas a2200000 a 4500 |
| 001 |
ssj0000364 |
| 003 |
WaSeSS |
| 005 |
20200512172242.0 |
| 006 |
m d |
| 007 |
cr n |
| 008 |
050614d19832007nbuqr p s bs s0 a0eng c |
| 010 |
|
|
|a 2011235387
|
| 016 |
7 |
|
|a 2068633-X
|2 DE-600
|
| 022 |
|
|
|a 2327-8242
|l 0747-5535
|y 0747-5535
|
| 035 |
|
|
|a (WaSeSS)ssj0000364
|
| 040 |
|
|
|a OCLCS
|b eng
|c OCLCS
|d AUD
|d DEBBG
|d OCLCQ
|d EYM
|d HUL
|d EYM
|d HUL
|d OCLCQ
|d DLC
|d OCLCF
|d OCLCO
|d OCLCQ
|d NTG
|d UAB
|d VT2
|d WaSeSS
|
| 042 |
|
|
|a pcc
|a nsdp
|
| 050 |
1 |
4 |
|a HB1
|b .N4
|
| 082 |
0 |
0 |
|a 330/.05
|2 23
|
| 130 |
0 |
|
|a Quarterly journal of business and economics (Online)
|
| 222 |
|
0 |
|a Quarterly journal of business and economics
|b (Online)
|
| 245 |
1 |
0 |
|a Quarterly journal of business and economics
|h [electronic resource] :
|b QJBE /
|c University of Nebraska--Lincoln.
|
| 246 |
3 |
0 |
|a QJBE
|
| 260 |
|
|
|a Lincoln, Neb. :
|b College of Business Administration, University of Nebraska, Lincoln,
|c ©1983-©2007.
|
| 310 |
|
|
|a Quarterly
|
| 362 |
1 |
|
|a Began with v. 22, no. 4 (autumn 1983); ceased with v. 46, no. 4 (autumn 2007).
|
| 506 |
|
|
|a License restrictions may limit access.
|
| 515 |
|
|
|a Some issues combined.
|
| 538 |
|
|
|a Mode of access: World Wide Web.
|
| 588 |
|
|
|a Description based on: Vol. 22, no. 4 (autumn 1983); title from PDF cover (JSTOR, viewed May 25, 2011).
|
| 588 |
|
|
|a Latest issue consulted: Vol. 46, no. 4 (autumn 2007) (JSTOR, viewed Jan. 11, 2012).
|
| 650 |
|
0 |
|a Economics
|v Periodicals.
|
| 650 |
|
0 |
|a Business
|v Periodicals.
|
| 650 |
|
7 |
|a Business.
|2 fast
|0 (OCoLC)fst00842262
|
| 650 |
|
7 |
|a Economics.
|2 fast
|0 (OCoLC)fst00902116
|
| 655 |
|
0 |
|a Electronic journals.
|
| 710 |
2 |
|
|a University of Nebraska--Lincoln.
|b College of Business Administration.
|
| 776 |
0 |
8 |
|i Print version:
|t Quarterly journal of business and economics
|x 0747-5535
|w (DLC) 85640018
|w (OCoLC)10761886
|
| 780 |
0 |
0 |
|t Nebraska journal of economics and business (Online)
|x 2327-8234
|w (DLC) 2011235388
|w (OCoLC)60625644
|
| 785 |
0 |
0 |
|t Quarterly journal of finance and accounting (Online)
|x 2327-8250
|w (DLC) 2012235277
|w (OCoLC)304017960
|
| 856 |
4 |
0 |
|z Full text available from Research Library: 01/01/1988 to 12/31/2007
|u https://search.proquest.com/publication/39740
|